000 01870cam a2200313 i 4500
001 991025532414307026
003 UkOxU
005 20251002122230.0
008 220705r20221989enk 000 0 eng d
015 _aGBC2C2752
_2bnb
020 _a9781800812192
035 _a(OCoLC)1338666803
035 _a(OCoLC)on1338666803
040 _aUKMGB
_beng
_erda
_cUKMGB
_dSINLB
_dOCLCF
_dOCLCO
_dOCLCL
_dUkOxU
041 _aeng
050 _aHF5386
_b.M474 2022
100 _aMcCormack, Mark H.
_eauthor
_925974
240 _aSuccess secret
245 _aWhat they still don't teach you at Harvard Business School
_c/ Mark H. McCormack.
246 _aWhat they still do not teach you at Harvard Business School
260 _aLondon :
_bProfile Books,
_c2022.
300 _axiv, 298 pages ;
_c20 cm.
500 _aOriginally published: London: Bantam, 1989.
500 _aFirst published in Great Britain as Success secret in 1989 by Guild Publishing by arrangement with William Collins Sons and Co Ltd.
520 _aBetween the theories of business school and the real world of business, there is still a gap - one that can only be filled by experience, helped by the knowledge of someone who has already done it. Over a lifetime as one of the world's most influential business leaders, Mark McCormack gathered more insights than could ever fit in one book: here he has distilled the strategies, techniques and wisdom that everyone needs to get organised, get ahead and gain and keep the competitive edge. Building on from What They Don't Teach You At Harvard Business School, this straight-talking, practical guide offers essential tools and skills - from negotiating to managing, advancing your career to building a new idea - that will help you be a leader at any level.
650 0 _aSuccess in business
_91506
650 0 _aManagement
_9319
942 _2lcc
999 _c4993
_d4993